Hauptstäde - Statistiken

Allgemein
  • Dieses Quiz wurde 298 mal gespielt
  • Das Durchschnittsergebnis liegt bei 56 aus 96
Antwortstatistiken
Hint Antwort % Korrekt
USA Washington D.C.
95%
Brasilien Brasilia
93%
Mexiko Mexiko-Stadt
92%
Argentinien Buenos Aires
91%
Russland Moskau
90%
Kanada Ottawa
89%
Australien Canberra
87%
Peru Lima
87%
Uruguay Montevideo
84%
Kolumbien Bogota
81%
Kuba Havanna
81%
Chile Santiago de Chile
81%
Ecuador Quito
80%
Isreal Jerusalem
79%
Venezuela Caracas
78%
Panama Panama-Stadt
78%
Irak Bagdad
77%
Iran Teheran
77%
Guatemala Guatemala-Stadt
76%
Neuseeland Wellington
76%
Frankreich Paris
75%
China Peking
75%
Niederlande Amsterdam
74%
Afghanistan Kabul
74%
Spanien Madrid
74%
El Salvador San Salvador
73%
Indien Neu-Delhi
72%
Portugal Lissabon
71%
Großbritannien London
70%
Österreich Wien
70%
Belgien Brüssel
69%
Luxemburg Luxemburg
69%
Schweden Stockholm
69%
Paraguay Asuncion
67%
Schweiz Bern
67%
Irland Dublin
67%
Japan Tokio
67%
Pakistan Islamabad
66%
Norwegen Oslo
65%
Südkorea Seoul
65%
Deutschland Berlin
64%
Syrien Damaskus
64%
Finnland Helsinki
64%
Dänemark Kopenhagen
64%
Kasachstan Nur-Sultan
64%
Bolivien Sucre
61%
Thailand Bangkok
60%
Ukraine Kiew
60%
Jordanien Amman
59%
Lettland Riga
59%
Vietnam Hanoi
58%
Italien Rom
58%
Polen Warschau
58%
Haiti Port au Prince
57%
Tschechische Republik Prag
57%
Nordkorea Pjöngjang
56%
Griechenland Athen
55%
Indonesien Jakarta
55%
Philippinen Manila
55%
Island Reykjavik
55%
Dominikanische Republik Santo Domingo
54%
Ungarn Budapest
53%
Costa Rica San José
53%
Bangladesch Dhaka
51%
Weißrussland Minsk
51%
Ägypten Kairo
50%
Estland Tallinn
50%
Tunesien Tunis
50%
Litauen Vilnius
49%
Kroatien Zagreb
49%
Türkei Ankara
48%
Rumänien Bukarest
48%
Honduras Tegucigalpa
47%
Marokko Rabat
46%
Malaysia Kuala Lumpur
44%
Serbien Belgrad
42%
Laos Vientiane
42%
Sri Lanka Colombo
41%
Südafrika Pretoria
38%
Senegal Dakar
37%
Kenia Nairobi
36%
Myanmar Naypyidaw
36%
Madagaskar Antananarivo
35%
Mongolei Ulaanbaatar
34%
Mauretanien Nouakchott
31%
Libyen Tripolis
31%
Republik Kongo Brazzaville
30%
Namibia Windhoek
29%
Nigeria Abuja
28%
Tansania Dodoma
26%
Eritrea Asmara
23%
Mali Bamako
23%
Demokratische Republik Kongo Kinshasa
23%
Mosambik Maputo
23%
Sudan Khartum
19%
Sambia Lusaka
18%
Keine übereinstimmenden Quizze gefunden
Verteilung der Resultate
Anzahl Personen mit jedem Resultat
Perzentil nach korrekt beantworteten Fragen
Ihre Resultats-Entwicklung
Sie haben dieses Quiz noch nicht gespielt